000 00827nam a2200253Ia 4500
003 OSt
005 20220930065415.0
006 a|||||r|||| 00| 0
007 ta
008 220926b |||||||| |||| 00| 0 eng d
024 _a5573
037 _cTheses
040 _aCRL
_cCRL
_beng
041 _2eng
_aeng
100 _aMiglani Sushma
_9525860
110 _aUniversity of Delhi. Faculty of Science. Department of Chemistry
_9519399
245 0 _aSome aspect of transport and volumetric properties of cocentrated water-urea-alkali metal nitrate systems
260 _c1983
650 _aCHEMISTRY
700 _a Prof H C Gaur Supervisor
700 _aUniversity of Delhi. Faculty of Science. Department of Chemistry
_9519402
942 _cDIS
_2CC
999 _c859520
_d859520